书目信息 |
| 题名: |
孙子兵法的谋略应用
|
|
| 作者: | 黄葵 编著 | |
| 分册: | ||
| 出版信息: | 成都 四川人民出版社 1995.09 |
|
| 页数: | 401页 | |
| 开本: | 32开 | |
| 丛书名: | ||
| 单 册: | ||
| 中图分类: | E892 | |
| 科图分类: | ||
| 主题词: | 兵法--古代 , 作战方法--古代 | |
| 电子资源: | ||
| ISBN: | 7-220-02937-3 | |
| 000 | 00593nam0 2200205 45 | |
| 001 | 0011161569 | |
| 005 | 20001116161603.8 | |
| 010 | @a7-220-02937-3@d共四册:59.50元 | |
| 100 | @a20001116d1995 km y0chiy0120 ea | |
| 101 | 0 | @achi |
| 105 | @a z 000yy | |
| 200 | 1 | @a孙子兵法的谋略应用@ASun Zi Bing Fa De Mou Lue Ying Yong@f黄葵编著@FHuang Kui Bian Zhu |
| 210 | @a成都@c四川人民出版社@d1995.09 | |
| 215 | @a401页@d32开 | |
| 606 | 0 | @a兵法@x古代 |
| 606 | 0 | @a作战方法@x古代 |
| 690 | @aE892@v3 | |
| 701 | 0 | @a黄葵@4编著 |
| 801 | @aCN@bPftUser@c20001116 | |
| 905 | @dE892@eH.686@b409293-294@f2 | |
| 孙子兵法的谋略应用/黄葵编著.-成都:四川人民出版社,1995.09 |
| 401页;32开 |
| ISBN 7-220-02937-3:共四册:59.50元 |
| ● |
| 相关链接 |
|
|
|
正题名:孙子兵法的谋略应用
索取号:E892/H.686
 
预约/预借
| 序号 | 登录号 | 条形码 | 馆藏地/架位号 | 状态 | 备注 |
| 1 | 409294 | 204092944 | 社科库509/509社科库 122排2列4层/ [索取号:E892/H.686] | 在馆 |